[Event "Quebec op"]
[Site "Montreal"]
[Date "1987.07.31"]
[Round "6"]
[White "Desjardins, Andre"]
[Black "Lafontaine, Julien"]
[Result "1-0"]
[WhiteElo "1876"]
[BlackElo "1583"]
[PlyCount "73"]
[EventDate "1987.07.26"]
[EventType "swiss"]
[EventRounds "8"]
[EventCountry "CAN"]
[SourceTitle "EXT 2022"]
[Source "ChessBase"]
[SourceDate "2021.10.06"]
[SourceVersion "1"]
[SourceVersionDate "2021.10.06"]
[SourceQuality "1"]

1. e4 c5 2. Nf3 Nc6 3. d4 cxd4 4. Nxd4 Nf6 5. Nc3 e6 6. Bg5 Be7 7. f4 Qa5 8. Nb3 Qb6 9. Bd3 h6 10. Bxf6 Bxf6 11. Qd2 Bxc3 12. bxc3 0-0 13. f5 exf5 14. exf5 Ne5 15. 0-0-0 Ng4 16. Rde1 d6 17. h3 Nf6 18. g4 Bd7 19. g5 hxg5 20. Qxg5 Nh7 21. Qg3 Qd8 22. h4 Qf6 23. Nd4 Rac8 24. Kb2 Rc5 25. Re4 Bc6 26. Nxc6 Qxc3+ 27. Kb1 bxc6 28. Qxd6 Nf6 29. Rd4 Nd5 30. Rg4 Qa3 31. Rxg7+ Kxg7 32. f6+ Kh6 33. Qxf8+ Kh5 34. Qxf7+ Kg4 35. Qe6+ Kf4 36. Rf1+ Kg3 37. Qg8+ 1-0